| 000 | 01060nam0a2200301 i 4500 | ||
|---|---|---|---|
| 001 | RU\NLR\BIBL_A\011541755 | ||
| 005 | 20260406075148.0 | ||
| 010 |
_a9785963105795 _9100 |
||
| 021 |
_aRU _b2017-84140 _96002 |
||
| 035 | _a(RuMoRGB)009447751 | ||
| 035 | _a(NLR Aleph) 011541755 | ||
| 090 |
_a12199096 _c12199096 |
||
| 100 | _a20171129d2017 u y0rusy50 ca | ||
| 101 | 0 | _arus | |
| 102 | _aRU | ||
| 105 | _a |||z|||000gy | ||
| 200 | 1 |
_aГород-сад на Бире _eстихи _fВладимир Тяптин |
|
| 210 |
_aИжевск _cПроект _d2017 |
||
| 215 |
_a87 с. _cил. _d17 |
||
| 327 | 1 | _aСодерж.: циклы: Прогулка по Биробиджану; Путешествие по области | |
| 686 |
_aШ5(2=Р)64-65я44 _2rubbk |
||
| 686 | 2 | _aШ6(2=Р)8-5 | |
| 700 | 1 |
_aТяптин _bВ. Я. _cпоэт _f1940-2023 _gВладимир Яковлевич _9162184 _3RU\NLR\AUTH\770162228 |
|
| 942 | _cBOOK | ||
| 980 | _aNBR | ||